00577nam a22001937a 450000500170000001000130001702000100003003500130004003700160005304000120006908200150008124500920009626000410018827000600022930000260028965000150031565000340033070000190036420170124110155.0 aB-079283 c00.00 aB-079283 bCen Lib/Ret aDPLbEN a070.4bBRE aBreaking the big story :cedited by B. G. Verghesebgreat moments in India journalism / aNew DelhibPenguin Books Indiac2003 a11 Community Centre, Panchsheel ParkbNew Delhie110017 ax1ix,153p. c22cm(Hb) aJournalism aJournalism--Political aspects aVerghese, B. G